|
|
|
|
| LEADER |
01892nam a22004695i 4500 |
| 001 |
978-1-4614-3100-8 |
| 003 |
DE-He213 |
| 005 |
20151204171529.0 |
| 007 |
cr nn 008mamaa |
| 008 |
120305s2012 xxu| s |||| 0|eng d |
| 020 |
|
|
|a 9781461431008
|9 978-1-4614-3100-8
|
| 024 |
7 |
|
|a 10.1007/978-1-4614-3100-8
|2 doi
|
| 040 |
|
|
|d GrThAP
|
| 050 |
|
4 |
|a TK5105.5-5105.9
|
| 072 |
|
7 |
|a UKN
|2 bicssc
|
| 072 |
|
7 |
|a COM075000
|2 bisacsh
|
| 082 |
0 |
4 |
|a 004.6
|2 23
|
| 100 |
1 |
|
|a Wódczak, Michał.
|e author.
|
| 245 |
1 |
0 |
|a Autonomic Cooperative Networking
|h [electronic resource] /
|c by Michał Wódczak.
|
| 264 |
|
1 |
|a Boston, MA :
|b Springer US,
|c 2012.
|
| 300 |
|
|
|a XIV, 100 p. 80 illus.
|b online resource.
|
| 336 |
|
|
|a text
|b txt
|2 rdacontent
|
| 337 |
|
|
|a computer
|b c
|2 rdamedia
|
| 338 |
|
|
|a online resource
|b cr
|2 rdacarrier
|
| 347 |
|
|
|a text file
|b PDF
|2 rda
|
| 490 |
1 |
|
|a SpringerBriefs in Computer Science,
|x 2191-5768
|
| 505 |
0 |
|
|a Introduction -- Spatio-Temporal Processing -- Conventional and Cooperative Relaying -- Routing Information Enhanced Cooperative Transmission -- Autonomic Cooperative System Design -- Cooperative Autonomic Network Deployments -- Autonomic Emergency Communications -- Conclusion.
|
| 520 |
|
|
|a N/A .
|
| 650 |
|
0 |
|a Computer science.
|
| 650 |
|
0 |
|a Computer communication systems.
|
| 650 |
|
0 |
|a Electrical engineering.
|
| 650 |
1 |
4 |
|a Computer Science.
|
| 650 |
2 |
4 |
|a Computer Communication Networks.
|
| 650 |
2 |
4 |
|a Information Systems Applications (incl. Internet).
|
| 650 |
2 |
4 |
|a Communications Engineering, Networks.
|
| 710 |
2 |
|
|a SpringerLink (Online service)
|
| 773 |
0 |
|
|t Springer eBooks
|
| 776 |
0 |
8 |
|i Printed edition:
|z 9781461430995
|
| 830 |
|
0 |
|a SpringerBriefs in Computer Science,
|x 2191-5768
|
| 856 |
4 |
0 |
|u http://dx.doi.org/10.1007/978-1-4614-3100-8
|z Full Text via HEAL-Link
|
| 912 |
|
|
|a ZDB-2-SCS
|
| 950 |
|
|
|a Computer Science (Springer-11645)
|